| 000 -LEADER |
| fixed length control field |
00874pab a2200169 454500 |
| 008 - FIXED-LENGTH DATA ELEMENTS--GENERAL INFORMATION |
| fixed length control field |
180718b2002 xxu||||| |||| 00| 0 eng d |
| 100 ## - MAIN ENTRY--PERSONAL NAME |
| Personal name |
Mohapatra, K.M. |
| 245 ## - TITLE STATEMENT |
| Title |
Leather goods industry in Kanpur: casteism, religion and business interlinkings |
| 260 ## - PUBLICATION, DISTRIBUTION, ETC. |
| Date of publication, distribution, etc. |
2002 |
| 300 ## - PHYSICAL DESCRIPTION |
| Extent |
p.4029-035. |
| 362 ## - DATES OF PUBLICATION AND/OR SEQUENTIAL DESIGNATION |
| Dates of publication and/or sequential designation |
28 Sep |
| 520 ## - SUMMARY, ETC. |
| Summary, etc. |
This study explores how socio-economic factors interlink producers' businesses and production activities, and how business interlinkings cause extra-economic coercion on producers of both the Hindu and muslim communities, as well as those of various sub-castes and investment sizes. A cooperative could help alleviate many problems of the producers, and also mitigate caste and religious prejudices. - Reproduced. |
| 650 ## - SUBJECT ADDED ENTRY--TOPICAL TERM |
| Topical term or geographic name entry element |
Leather industry |
| 700 ## - ADDED ENTRY--PERSONAL NAME |
| Personal name |
Srivastava, Kavita |
| 773 ## - HOST ITEM ENTRY |
| Main entry heading |
Economic and Political Weekly |
| 909 ## - |
| -- |
53981 |